[Event "81st Tata Steel Challengers 2019"]
[Site "Wijk aan Zee"]
[Date "2019.01.20"]
[Round "8"]
[White "Korobov, Anton"]
[Black "Kovalev, Vladislav"]
[Result "1/2-1/2"]
[WhiteElo "2699"]
[BlackElo "2687"]
[Annotator "TA"]
[PlyCount "64"]
[EventDate "2019.01.12"]
[EventType "tourn"]
[EventCountry "NED"]
[SourceTitle "playchess.com"]
[Source "ChessBase"]
[SourceQuality "1"]

{[%evp 33,64,0,0,0,0,0,0,0,0,0,0,0,0,0,0,0,0,0,0,0,0,0,0,0,0,0,0,0,0,0,0,0,0]} 1. d4 Nf6 2. c4 g6 3. Nc3 Bg7 4. e4 d6 5. Nf3 O-O 6. Be2 e5 7. O-O exd4 8. Nxd4 Re8 9. f3 c6 10. Kh1 Nh5 11. g4 Nf6 12. Bf4 h5 13. Nf5 {E94: King's Indian: Classical: 6 Be2 e5 7 0-0: Various Black 7th moves} gxf5 14. gxf5 d5 15. cxd5 cxd5 16. e5 Bxf5 17. exf6 Qxf6 {LiveBook: 3 Games. The position is equal.} 18. Nxd5 Qxb2 {[%mdl 64] [#] Double Attack} 19. Ne7+ {[%mdl 64] Decoy} Rxe7 20. Qd8+ Bf8 {[#]} (20... Kh7 21. Qxe7 {½-½ (43) Kasimdzhanov,R (2709)-Topalov,V (2771) Zug 2013}) 21. Rg1+ $146 Bg4 $1 (21... Bg6 $2 22. Bc4 $18) 22. fxg4 Nd7 $1 23. gxh5+ ({But not} 23. Qxa8 Rxe2 24. Qd8 (24. gxh5+ Kh7 $15) (24. Qxa7 $2 Qb4 $19) 24... Qb4 $17) 23... Kh8 24. Qxa8 Rxe2 25. Rae1 Rxe1 26. Rxe1 {[#] Hoping for Be5+!} Qf2 $1 {[%cal Rf2e1]} 27. Bg3 Qf3+ 28. Kg1 {aiming for Qe8.} Kh7 {( -> ...Bc5+)} 29. Rf1 Bc5+ 30. Bf2 Qg4+ 31. Kh1 Qe4+ 32. Kg1 Qg4+ 1/2-1/2

[Event "81st Tata Steel Challengers 2019"]
[Site "Wijk aan Zee"]
[Date "2019.01.20"]
[Round "8"]
[White "Maghsoodloo, Parham"]
[Black "Gledura, Benjamin"]
[Result "1/2-1/2"]
[WhiteElo "2679"]
[BlackElo "2615"]
[Annotator "TA"]
[PlyCount "133"]
[EventDate "2019.01.12"]
[EventType "tourn"]
[EventCountry "NED"]
[SourceTitle "playchess.com"]
[Source "ChessBase"]
[SourceQuality "1"]

{[%evp 19,133,0,0,0,0,-19,-21,-14,-17,-27,-12,-39,-24,-10,-18,-45,0,-17,-15,-14,-16,-25,-25,-21,-26,-22,-18,-22,-10,-25,-17,-19,-21,-28,-28,-28,-22,-36,-22,-85,-58,-72,-52,-59,-62,-81,-70,-87,-81,-91,-91,-87,-62,-60,-60,-56,-63,-62,-66,-90,-90,-81,-57,-75,-55,-128,-128,-122,-79,-84,-76,-80,-66,-63,-62,-66,-61,-63,-42,-62,-42,-42,-42,-42,-42,-42,-8,-8,-8,-8,-8,-8,-8,-8,-8,-22,-8,-8,-8,-8,-8,-8,-8,-8,-8,-8,-8,-51,0,0,0,0,0,0,0,0]} 1. Nf3 d5 2. b3 Nf6 3. Bb2 Bg4 4. e3 e6 5. h3 Bh5 6. c4 Nbd7 7. Be2 c6 8. O-O Bd6 9. cxd5 cxd5 10. Nc3 a6 {LiveBook: 6 Games} 11. d3 $146 {A12: English Opening: 1...c6 with b3 by White} ({Predecessor:} 11. Nd4 Bxe2 12. Qxe2 O-O 13. f4 Qe7 14. Rad1 Rac8 15. Qf3 Bc5 16. Nce2 Ne4 17. d3 Nd6 18. Kh1 Qh4 {0-1 (79) Gelashvili,T (2551)-Gagunashvili,M (2469) Kocaeli 2002}) 11... O-O 12. a3 Rc8 13. Rc1 Qe7 14. b4 Bb8 15. g3 h6 16. Nh4 {[%cal Bf3h4,Bh4f5,Bf5d4,Bd4b3,Bb3c5][%mdl 32]} Bxe2 17. Qxe2 Rc6 18. e4 dxe4 19. Nxe4 Rfc8 20. Nf5 Qd8 21. Rxc6 Rxc6 22. Nd4 Rc7 23. Nb3 Ba7 24. Kg2 Nd5 25. Rc1 Rxc1 26. Bxc1 Ne5 27. Nec5 Bxc5 28. Nxc5 Qc7 29. d4 (29. Bb2 $11 Nd7 30. Qg4) 29... Nd7 30. Bd2 Qc6 {[#] ( -> ...Nf4+)} 31. Kg1 N7f6 32. a4 Ne7 33. b5 axb5 34. axb5 Qd5 35. Qe5 Nf5 36. Qxd5 Nxd5 37. Nxb7 Nxd4 $15 {[%mdl 4096] Endgame KBN-KNN} 38. Kg2 Nxb5 39. g4 Nd4 40. Nc5 Kh7 41. Nd3 g5 42. f3 (42. h4 $15) 42... f6 $17 43. Kf2 Kg6 44. f4 Nb3 45. Be3 Na5 46. Kf3 Nxe3 47. Kxe3 $15 {KN-KN} Nc6 48. Kf3 Kf7 49. Kg3 Nd4 {[#] Threatens to win with ...Ne2+.} 50. fxg5 hxg5 51. h4 gxh4+ 52. Kxh4 e5 53. Nc5 Ne6 54. Ne4 Ke7 55. Kh5 Nf4+ 56. Kh4 Ke6 57. Kg3 Nd5 58. Kf3 Ne7 59. Nc5+ Kf7 60. Ne4 Kg6 61. Nd6 Ng8 62. Ne4 Nh6 63. Kg3 Nxg4 (63... Nf7 $15) 64. Kxg4 $11 {The position is equal.} f5+ 65. Kf3 fxe4+ 66. Kxe4 Kf7 67. Kxe5 {Precision: White = 58%, Black = 65%.} 1/2-1/2

[Event "81st Tata Steel Challengers 2019"]
[Site "Wijk aan Zee"]
[Date "2019.01.20"]
[Round "8"]
[White "L'Ami, Erwin"]
[Black "Bareev, Evgeny"]
[Result "1-0"]
[WhiteElo "2643"]
[BlackElo "2650"]
[Annotator "TA"]
[PlyCount "77"]
[EventDate "2019.01.12"]
[EventType "tourn"]
[EventCountry "NED"]
[SourceTitle "playchess.com"]
[Source "ChessBase"]
[SourceQuality "1"]

{[%evp 21,77,19,21,17,66,52,122,134,127,134,139,134,135,126,158,152,155,139,143,143,158,158,156,143,140,107,114,116,118,78,108,93,93,93,99,101,96,79,74,83,77,47,47,52,48,63,79,76,75,78,173,154,150,165,176,118,212,212]} 1. d4 d5 2. c4 c6 3. Nf3 Nf6 4. Nc3 dxc4 5. a4 Bf5 6. e3 {[%cal Be2e3,Be3e4,Be4e5][%mdl 32]} e6 7. Bxc4 Bb4 8. O-O O-O 9. Qe2 Nbd7 10. e4 Bg6 11. Bd3 h6 {LiveBook: 138 Games} 12. Bb1 $146 {D19: Slav Defence: 5 a4 Bf5 6 e3: Main line with 9 Qe2} ({Predecessor:} 12. Bf4 a6 13. h3 Re8 14. e5 Nd5 15. Nxd5 cxd5 16. Bxg6 fxg6 17. Qd3 Nf8 18. Rfc1 Rc8 19. Rxc8 Qxc8 20. Rc1 {½-½ (20) Miton,K (2648)-Harikrishna,P (2664) Montreal 2007}) 12... Be7 13. a5 b5 ({Black should play} 13... a6 $14) 14. e5 $16 {White is better.} Nd5 15. Nxd5 cxd5 16. Bxg6 ({Much less strong is} 16. Qxb5 $6 Rb8 $14) 16... fxg6 17. Qxb5 Rb8 18. Qd3 Kf7 19. Ne1 {[%cal Bf3e1,Be1d3,Bd3f4][%mdl 32]} Qc7 20. Qf3+ Kg8 21. Qg4 {[%mdl 64] Double Attack} Kf7 22. Nd3 {Hoping for Nf4.} Qc2 23. Nf4 Qf5 24. Qe2 g5 25. g4 Qh7 26. Nxd5 exd5 27. e6+ {[%mdl 64] Double Attack} Kg8 {...Nf6 is the strong threat.} 28. exd7 Qe4 29. Re1 {Threatens to win with Qd1.} Qxe2 30. Rxe2 Bf6 31. Re6 Rfd8 32. Rd6 Rb5 33. Bd2 Rxb2 34. Be3 $36 {[%mdl 2048] White has strong initiative.} Rb5 {[#]} 35. Rc1 $1 {[%cal Rc1c8] aiming for Rc8.} Be7 (35... Kf7 $16) 36. Rc8 $18 Kf7 {[#]} 37. a6 $1 Ra5 38. Kg2 (38. f4 $18) 38... Rb5 (38... Ra2 $16 39. h3 (39. Rxd5 Rxa6 40. Rf5+ Ke6 $16) 39... Ra1) 39. Bd2 {Accuracy: White = 73%, Black = 62%.} 1-0

[Event "81st Tata Steel Challengers 2019"]
[Site "Wijk aan Zee"]
[Date "2019.01.20"]
[Round "8"]
[White "Esipenko, Andrey"]
[Black "Praggnanandhaa R"]
[Result "1-0"]
[WhiteElo "2584"]
[BlackElo "2539"]
[Annotator "ChessBase"]
[PlyCount "87"]
[EventDate "2019.01.12"]
[EventType "tourn"]
[EventCountry "NED"]
[SourceTitle "playchess.com"]
[Source "ChessBase"]
[SourceQuality "1"]
[TimeControl "40/6000+30:20/3000+30:900+30"]

1. e4 {[%emt 0:00:00]} c5 {[%emt 0:00:00]} 2. Nf3 {[%emt 0:00:00]} Nc6 {[%emt 0:00:00]} 3. d4 {[%emt 0:00:00]} cxd4 {[%emt 0:00:00]} 4. Nxd4 {[%emt 0:00:00]} Nf6 {[%emt 0:00:00]} 5. Nc3 {[%emt 0:00:01]} d6 {[%emt 0:00:04]} 6. Bg5 {[%emt 0:01:48]} e6 {[%emt 0:00:05]} 7. Qd2 {[%emt 0:01:29]} a6 {[%emt 0:00:07]} 8. O-O-O {[%emt 0:02:45]} Be7 {[%emt 0:00:41]} 9. f4 {[%emt 0:04:11]} Bd7 {[%emt 0:00:43]} 10. Nf3 {[%emt 0:04:20]} b5 {[%emt 0:00:12]} 11. Bxf6 {[%emt 0:09:42]} gxf6 {[%emt 0:00:08]} 12. Kb1 {[%emt 0:03:18]} Qb6 {[%emt 0:00:57]} 13. Ne2 {[%emt 0:06:08]} O-O-O {[%emt 0:02:50]} 14. Ned4 {[%emt 0:01:00]} Kb8 {[%emt 0:06:02]} 15. Be2 {[%emt 0:06:56]} Rc8 {[%emt 0:03:55]} 16. Rhf1 {[%emt 0:01:32]} Na5 {[%emt 0:05:55]} 17. g4 {[%emt 0:08:04]} Rhd8 {[%emt 0:19:09]} 18. Bd3 {[%emt 0:07:51]} Nc4 {[%emt 0:04:12]} 19. Bxc4 {[%emt 0:02:09]} Rxc4 {[%emt 0:00:36]} 20. g5 {[%emt 0:07:31]} Bc8 {[%emt 0:06:46]} 21. h4 {[%emt 0:11:11]} Bb7 {[%emt 0:03:08]} 22. Rfe1 {[%emt 0:00:10]} Rdc8 {[%emt 0:11:39]} 23. Qd3 {[%emt 0:04:15]} Qc7 {[%emt 0:07:38]} 24. Rc1 {[%emt 0:03:49]} Qb6 {[%emt 0:02:29]} 25. Rcd1 {[%emt 0:00:47]} Qc7 {[%emt 0:03:01]} 26. Rc1 {[%emt 0:01:30]} Qa5 {[%emt 0:00:44]} 27. Nb3 {[%emt 0:02:33]} Qb6 {[%emt 0:00:35]} 28. f5 {[%emt 0:03:52]} e5 {[%emt 0:03:47]} 29. Nbd2 {[%emt 0:00:21]} R4c5 {[%emt 0:02:19]} 30. Nf1 {[%emt 0:04:35]} d5 {[%emt 0:02:56]} 31. exd5 {[%emt 0:00:08]} Bxd5 {[%emt 0:02:50]} 32. N1d2 {[%emt 0:00:21]} Qc6 {[%emt 0:06:10]} 33. gxf6 {[%emt 0:02:42]} Bxf6 {[%emt 0:00:36]} 34. Ng5 {[%emt 0:00:15]} b4 {[%emt 0:03:25]} 35. Nge4 {[%emt 0:04:06]} Ra5 {[%emt 0:07:39]} 36. c4 {[%emt 0:02:07]} bxc3 {[%emt 0:01:27]} 37. Rxc3 {[%emt 0:02:56]} Bxa2+ {[%emt 0:02:57]} 38. Kc1 {[%emt 0:00:26]} Qb6 {[%emt 0:02:43]} 39. Nxf6 {[%emt 0:00:23]} Rxc3+ {[%emt 0:00:29]} 40. Qxc3 {[%emt 0:00:00]} Ka7 {[%emt 0:00:00]} 41. Nd7 {[%emt 0:02:58]} Qd8 {[%emt 0:01:48]} 42. Nxe5 {[%emt 0:02:02]} Bd5 {[%emt 0:00:40]} 43. Nb3 {[%emt 0:00:07]} Ra4 {[%emt 0:00:48]} 44. Rd1 {[%emt 0:00:23]} 1-0

[Event "81st Tata Steel Challengers 2019"]
[Site "Wijk aan Zee"]
[Date "2019.01.20"]
[Round "8"]
[White "Keymer, Vincent"]
[Black "Saduakassova, Dinara"]
[Result "1-0"]
[WhiteElo "2500"]
[BlackElo "2472"]
[Annotator "ChessBase"]
[PlyCount "75"]
[EventDate "2019.01.12"]
[EventType "tourn"]
[EventCountry "NED"]
[SourceTitle "playchess.com"]
[Source "ChessBase"]
[SourceQuality "1"]
[TimeControl "40/6000+30:20/3000+30:900+30"]

1. c4 {[%emt 0:00:00]} Nf6 {[%emt 0:00:00]} 2. Nc3 {[%emt 0:00:00]} e6 {[%emt 0:00:00]} 3. e4 {[%emt 0:00:00]} d5 {[%emt 0:00:00]} 4. cxd5 {[%emt 0:00:00]} exd5 {[%emt 0:00:00]} 5. e5 {[%emt 0:00:05]} Ne4 {[%emt 0:00:00]} 6. Nf3 {[%emt 0:00:04]} Be7 {[%emt 0:00:00]} 7. d4 {[%emt 0:00:06]} c5 {[%emt 0:00:17]} 8. dxc5 {[%emt 0:00:09]} Nxc3 {[%emt 0:00:08]} 9. bxc3 {[%emt 0:00:04]} O-O {[%emt 0:00:13]} 10. Bd3 {[%emt 0:01:52]} Nd7 {[%emt 0:08:53]} 11. O-O {[%emt 0:00:11]} Nxc5 {[%emt 0:00:13]} 12. Nd4 {[%emt 0:00:05]} Qc7 {[%emt 0:06:43]} 13. Bf4 Be6 {[%emt 0:11:21]} 14. Bc2 {[%emt 0:20:34]} Rac8 {[%emt 0:04:05]} 15. Rc1 {[%emt 0:09:12]} Rfd8 {[%emt 0:08:35]} 16. f3 {[%emt 0:18:15]} Nd7 {[%emt 0:09:29]} 17. Kh1 Ba3 {[%emt 0:09:39]} 18. Rb1 {[%emt 0:11:00]} Be7 {[%emt 0:03:23]} 19. Rc1 {[%emt 0:03:29]} Kh8 {[%emt 0:03:55]} 20. Bg3 {[%emt 0:05:39]} Qxc3 {[%emt 0:01:47]} 21. f4 {[%emt 0:01:21]} g6 {[%emt 0:16:54]} 22. f5 {[%emt 0:09:25]} gxf5 {[%emt 0:00:04]} 23. Rf3 {[%emt 0:00:17]} Qc7 {[%emt 0:05:18]} 24. Bf4 {[%emt 0:02:10]} Qa5 {[%emt 0:06:22]} 25. Rh3 {[%emt 0:02:26]} Nf8 {[%emt 0:02:12]} 26. Qh5 {[%emt 0:02:50]} Rxc2 {[%emt 0:05:08]} 27. Nxc2 {[%emt 0:00:14]} Rc8 {[%emt 0:00:17]} 28. Qd1 {[%emt 0:07:30]} Qxa2 {[%emt 0:01:46]} 29. Nd4 {[%emt 0:00:12]} Rc4 {[%emt 0:01:51]} 30. Rhc3 {[%emt 0:05:17]} b5 {[%emt 0:01:54]} 31. Bh6 {[%emt 0:01:56]} Qa6 {[%emt 0:01:06]} 32. Rxc4 dxc4 {[%emt 0:01:25]} 33. Qf3 {[%emt 0:05:25]} Qb6 {[%emt 0:01:09]} 34. Nc6 {[%emt 0:02:45]} Bc5 {[%emt 0:01:40]} 35. Qg3 {[%emt 0:00:29]} Ng6 {[%emt 0:00:02]} 36. Qg5 {[%emt 0:00:49]} Bf8 {[%emt 0:00:05]} 37. Bxf8 {[%emt 0:00:15]} Kg8 {[%emt 0:00:10]} 38. Bh6 {[%emt 0:00:10]} 1-0

[Event "81st Tata Steel Challengers 2019"]
[Site "Wijk aan Zee"]
[Date "2019.01.20"]
[Round "8"]
[White "Paehtz, Elisabeth"]
[Black "Van Foreest, Lucas"]
[Result "0-1"]
[WhiteElo "2477"]
[BlackElo "2502"]
[Annotator "ChessBase"]
[PlyCount "150"]
[EventDate "2019.01.12"]
[EventType "tourn"]
[EventCountry "NED"]
[SourceTitle "playchess.com"]
[Source "ChessBase"]
[SourceQuality "1"]
[TimeControl "40/6000+30:20/3000+30:900+30"]

1. d4 {[%emt 0:00:00]} Nf6 {[%emt 0:00:00]} 2. c4 {[%emt 0:00:00]} e6 {[%emt 0:00:00]} 3. g3 {[%emt 0:00:00]} d5 {[%emt 0:00:02]} 4. Bg2 {[%emt 0:00:00]} Be7 {[%emt 0:00:07]} 5. Nf3 {[%emt 0:00:00]} O-O {[%emt 0:00:05]} 6. O-O {[%emt 0:00:00]} dxc4 {[%emt 0:00:05]} 7. Qc2 {[%emt 0:00:00]} a6 {[%emt 0:00:20]} 8. a4 {[%emt 0:00:00]} Bd7 {[%emt 0:00:05]} 9. Qxc4 {[%emt 0:00:05]} Bc6 {[%emt 0:00:20]} 10. Bg5 {[%emt 0:00:05]} Bd5 {[%emt 0:00:06]} 11. Qc2 {[%emt 0:00:03]} Be4 {[%emt 0:01:22]} 12. Qc1 {[%emt 0:00:03]} h6 {[%emt 0:05:03]} 13. Bxf6 {[%emt 0:00:06]} Bxf6 {[%emt 0:00:05]} 14. Nc3 {[%emt 0:00:14]} Bxf3 {[%emt 0:04:04]} 15. Bxf3 {[%emt 0:00:54]} c6 {[%emt 0:06:21]} 16. Rd1 {[%emt 0:02:33]} a5 {[%emt 0:00:55]} 17. e3 {[%emt 0:01:02]} Na6 {[%emt 0:00:10]} 18. h4 {[%emt 0:00:09]} Nb4 {[%emt 0:03:32]} 19. h5 {[%emt 0:00:06]} Qe7 {[%emt 0:10:58]} 20. Qb1 {[%emt 0:16:06]} Rfd8 {[%emt 0:12:13]} 21. Qe4 {[%emt 0:04:18]} Rd7 {[%emt 0:07:46]} 22. Qg4 {[%emt 0:07:00]} Rad8 {[%emt 0:14:04]} 23. Kg2 {[%emt 0:05:22]} e5 {[%emt 0:07:33]} 24. dxe5 {[%emt 0:00:25]} Bxe5 {[%emt 0:00:06]} 25. Rxd7 {[%emt 0:05:56]} Rxd7 {[%emt 0:02:59]} 26. Rd1 {[%emt 0:01:01]} Rxd1 {[%emt 0:02:55]} 27. Nxd1 {[%emt 0:06:04]} Qd8 {[%emt 0:06:38]} 28. Qf5 {[%emt 0:03:22]} Bf6 {[%emt 0:00:31]} 29. Nc3 {[%emt 0:08:19]} Nd3 {[%emt 0:03:48]} 30. Nd1 {[%emt 0:21:14]} Ne1+ {[%emt 0:02:33]} 31. Kf1 {[%emt 0:00:16]} Nxf3 {[%emt 0:00:04]} 32. Qxf3 {[%emt 0:00:04]} Qd3+ {[%emt 0:00:11]} 33. Kg2 {[%emt 0:04:18]} b5 {[%emt 0:09:52]} 34. Qxc6 {[%emt 0:13:46]} Qxd1 {[%emt 0:00:18]} 35. Qe8+ {[%emt 0:00:35]} Kh7 {[%emt 0:00:05]} 36. Qe4+ {[%emt 0:00:38]} g6 {[%emt 0:03:58]} 37. hxg6+ {[%emt 0:00:03]} fxg6 {[%emt 0:01:18]} 38. Qb7+ {[%emt 0:03:41]} Bg7 {[%emt 0:00:06]} 39. axb5 {[%emt 0:02:35]} Qb3 {[%emt 0:00:24]} 40. b6 {[%emt 0:00:00]} Qxb2 {[%emt 0:00:00]} 41. Qa7 {[%emt 0:04:52]} a4 {[%emt 0:00:57]} 42. b7 {[%emt 0:00:05]} a3 {[%emt 0:00:07]} 43. b8=Q {[%emt 0:01:16]} Qxb8 {[%emt 0:00:07]} 44. Qxb8 {[%emt 0:00:15]} a2 {[%emt 0:00:02]} 45. g4 {[%emt 0:04:18]} a1=Q {[%emt 0:00:45]} 46. Qb7 {[%emt 0:00:27]} Qd1 {[%emt 0:06:26]} 47. Qe4 {[%emt 0:00:36]} Qd7 {[%emt 0:02:43]} 48. Kg1 {[%emt 0:00:56]} h5 {[%emt 0:03:16]} 49. gxh5 {[%emt 0:00:13]} Qd1+ {[%emt 0:00:10]} 50. Kg2 {[%emt 0:00:11]} Qxh5 {[%emt 0:00:08]} 51. Kg1 {[%emt 0:06:45]} Be5 {[%emt 0:02:07]} 52. Kg2 {[%emt 0:03:02]} Kh6 {[%emt 0:00:53]} 53. Kf1 {[%emt 0:01:33]} Bf6 {[%emt 0:01:00]} 54. Qf4+ {[%emt 0:00:27]} Qg5 {[%emt 0:00:09]} 55. Qh2+ {[%emt 0:00:29]} Qh4 {[%emt 0:00:13]} 56. Qd6 {[%emt 0:01:40]} Qc4+ {[%emt 0:01:20]} 57. Kg1 {[%emt 0:00:28]} Qg4+ {[%emt 0:03:10]} 58. Kf1 {[%emt 0:00:09]} Qf3 {[%emt 0:00:52]} 59. Qh2+ {[%emt 0:02:56]} Kg5 {[%emt 0:00:28]} 60. Qh7 {[%emt 0:00:00]} Qd1+ {[%emt 0:00:00]} 61. Kg2 {[%emt 0:01:00]} Qg4+ {[%emt 0:03:35]} 62. Kf1 {[%emt 0:00:06]} Qc4+ {[%emt 0:00:04]} 63. Kg1 {[%emt 0:00:53]} Qe4 {[%emt 0:00:32]} 64. Kf1 {[%emt 0:02:06]} Qc4+ {[%emt 0:13:23]} 65. Kg1 {[%emt 0:00:19]} Qg4+ {[%emt 0:00:03]} 66. Kf1 {[%emt 0:00:10]} Qe4 {[%emt 0:00:03]} 67. Kg1 {[%emt 0:01:46]} Be7 {[%emt 0:03:26]} 68. Qf7 {[%emt 0:08:58]} Kh4 {[%emt 0:01:50]} 69. Qh7+ {[%emt 0:03:56]} Kg4 {[%emt 0:01:17]} 70. Kf1 {[%emt 0:03:19]} Bh4 {[%emt 0:02:47]} 71. Qd7+ {[%emt 0:00:13]} Qf5 {[%emt 0:00:13]} 72. Qd4+ {[%emt 0:02:32]} Kh3 {[%emt 0:01:27]} 73. e4 {[%emt 0:00:11]} Qb5+ {[%emt 0:01:52]} 74. Ke1 {[%emt 0:00:05]} Kg2 {[%emt 0:00:08]} 75. e5 {[%emt 0:00:19]} Qf1+ {[%emt 0:00:10]} 0-1

[Event "81st Tata Steel Challengers 2019"]
[Site "Wijk aan Zee"]
[Date "2019.01.20"]
[Round "8"]
[White "Kuipers, Stefan"]
[Black "Chigaev, Maksim"]
[Result "0-1"]
[WhiteElo "2470"]
[BlackElo "2604"]
[Annotator "TA"]
[PlyCount "90"]
[EventDate "2019.01.12"]
[EventType "tourn"]
[EventCountry "NED"]
[SourceTitle "playchess.com"]
[Source "ChessBase"]
[SourceQuality "1"]

{[%evp 20,90,12,0,11,-40,-20,-29,-29,-24,-25,-48,-56,-76,-64,-81,-89,-73,-73,-79,-72,-141,-136,-108,-102,-216,-148,-176,-162,-166,-137,-141,-139,-170,-179,-162,-179,-186,-184,-275,-282,-283,-275,-260,-260,-349,-337,-350,-333,-320,-277,-396,-399,-443,-454,-496,-470,-457,-457,-410,-401,-761,-786,-741,-781,-1014,-937,-4622,-4618,-29982,-29981,-29991,-29992]} 1. e4 e5 2. Nf3 Nc6 3. Bc4 Bc5 4. c3 Nf6 5. d3 a6 6. O-O d6 7. Bg5 {[%cal Bc1g5,Bg5h4,Bh4g3][%mdl 32] C54: Giuoco Piano: 4 c3 Nf6, main lines with 5 d4 and 5 d3} h6 {[%cal Bh7h6,Bh6h5][%mdl 32]} 8. Bh4 Ba7 9. Nbd2 Qe7 10. b4 g5 11. Bg3 {LiveBook: 4 Games} Nh7 $146 ({Predecessor:} 11... Bg4 12. h3 Bh5 13. Re1 Bg6 14. a4 Nh5 {1-0 (117) Demchenko,A (2596)-Jakovenko,D (2745) Khanty-Mansiysk 2014}) 12. d4 (12. a4 $11) 12... h5 $1 $15 {[%cal Rh5h4] aiming for ...h4.} 13. h4 g4 $1 {[%cal Rg4f3]} 14. Ne1 $1 exd4 15. cxd4 Bxd4 16. Nd3 Bxa1 17. Qxa1 O-O $1 18. Nf4 {[#]} Qf6 $1 19. Qc1 Be6 20. Bd5 (20. Nxh5 $142 Qh6 21. Nf4) 20... Bxd5 $17 21. Nxd5 Qg7 22. Ne3 (22. a4 $17 {keeps fighting.}) 22... Nd4 {Hoping for ...Ne2+.} 23. Qc4 b5 24. Qd3 Rad8 25. Nb3 {[#]} c5 $1 {[%cal Bc7c5,Bc5d4][%mdl 32]} 26. Nxd4 (26. bxc5 dxc5) 26... Qxd4 ({Stronger than} 26... cxd4 27. Nf5 $14) 27. Qxd4 cxd4 28. Nf5 Rfe8 29. f3 (29. Nxd6 $142 Re6 30. Nb7) 29... gxf3 $19 30. gxf3 d5 31. e5 f6 32. f4 fxe5 33. fxe5 Nf8 34. Nh6+ Kg7 35. Nf5+ (35. Nf7 $142 Rd7 36. Nd6) 35... Kh7 36. Nd6 Re7 37. Nf7 Rdd7 38. Ng5+ Kg8 39. Rf6 {and the idea e6 leaves White hopeful.} Nh7 40. Rxa6 (40. Nxh7 $142 Kxh7 41. Rf5) 40... Nxg5 41. hxg5 {KRR-KRB} Ra7 42. Rd6 Rxa2 43. e6 d3 44. Rd8+ Kh7 45. Rd7 Rxd7 {Accuracy: White = 29%, Black = 81%.} 0-1

[Event "81st Tata Steel Challengers 2019"]
[Site "Wijk aan Zee"]
[Date "2019.01.22"]
[Round "9"]
[White "Kovalev, Vladislav"]
[Black "L'Ami, Erwin"]
[Result "1/2-1/2"]
[WhiteElo "2687"]
[BlackElo "2643"]
[Annotator "TA"]
[PlyCount "80"]
[EventDate "2019.01.12"]
[EventType "tourn"]
[EventCountry "NED"]
[SourceTitle "playchess.com"]
[Source "ChessBase"]
[SourceQuality "1"]

{[%evp 15,80,8,5,0,0,0,0,-7,0,0,0,0,0,0,0,0,7,0,8,5,15,11,1,1,27,19,22,0,0,0,0,0,0,0,0,0,0,0,0,0,0,0,0,0,0,0,0,0,0,0,0,0,0,0,0,0,0,0,0,0,0,0,0,0,0,0,0]} 1. e4 e6 2. d4 d5 3. exd5 exd5 4. Nf3 Nf6 5. Bd3 Bd6 6. Qe2+ Be6 {C01: French: Exchange Variation} 7. Ng5 (7. c4 dxc4 8. Bxc4 Qe7 9. O-O O-O 10. Nc3 Re8 11. Bg5 h6 12. Bh4 Nbd7 13. Rfe1 Qf8 14. Bxe6 Rxe6 {0-1 (58) Carlsen,M (2832)-Grischuk,A (2750) chess.com INT 2017}) 7... Qe7 8. Nxe6 fxe6 {LiveBook: 6 Games} 9. Nd2 Nc6 10. Nf3 O-O 11. O-O e5 12. dxe5 Nxe5 13. Nxe5 {[#]} Qxe5 $146 ({Predecessor:} 13... Bxe5 14. Bf4 {0-1 (54) Kurmann,O (2451)-Bogner,S (2605) Lenzerheide 2018}) 14. Qxe5 Bxe5 15. c3 {[%cal Bc2c3,Bc3c4][%mdl 32]} c6 16. Bd2 Ng4 17. g3 Bc7 18. Be2 Nf6 19. c4 Bb6 20. cxd5 Rae8 {The position is equal.} 21. Rae1 {[#] Threatens to win with dxc6.} Ne4 22. Be3 Bxe3 23. fxe3 {Black must now prevent dxc6.} cxd5 24. Rc1 Nf6 25. Rc3 Re5 26. Bf3 g5 {[%cal Bg7g5,Bg5g4][%mdl 32]} 27. Rd1 g4 28. Bg2 Kg7 29. Rd4 Rf7 30. Ra4 b6 31. Rf4 Rfe7 32. Kf2 Rh5 33. Kg1 Rhe5 34. Kf2 Rh5 35. Rc6 Rf7 36. Kg1 Re5 37. Kf2 Rh5 38. Kg1 Re5 39. Rc3 Rfe7 40. Kf2 Rh5 {Precision: White = 79%, Black = 80%.} 1/2-1/2

[Event "81st Tata Steel Challengers 2019"]
[Site "Wijk aan Zee"]
[Date "2019.01.22"]
[Round "9"]
[White "Bareev, Evgeny"]
[Black "Keymer, Vincent"]
[Result "1/2-1/2"]
[WhiteElo "2650"]
[BlackElo "2500"]
[Annotator "TA"]
[PlyCount "102"]
[EventDate "2019.01.12"]
[EventType "tourn"]
[EventCountry "NED"]
[SourceTitle "playchess.com"]
[Source "ChessBase"]
[SourceQuality "1"]

{[%evp 19,102,-13,-8,-10,-7,-10,-15,-15,-13,-13,-10,-27,0,0,0,0,0,0,0,0,0,-8,0,0,0,0,0,0,0,0,0,0,0,0,0,0,0,0,0,0,0,0,0,0,0,0,0,0,0,-127,-130,-140,-141,-231,0,0,0,0,0,0,0,0,0,0,0,0,0,0,0,0,0,0,0,0,0,0,0,0,0,0,0,0,0,0,0]} 1. d4 d5 2. Nf3 Nf6 3. c3 e6 4. Bf4 Bd6 5. Bg3 O-O 6. Nbd2 {D02: 1 d4 d5 2 Nf3 sidelines, including 2...Nf6 3 g3 and 2...Nf6 3 Bf4} c5 7. e3 Qc7 8. Ne5 (8. Bd3 Nbd7 9. O-O e5 10. dxe5 Nxe5 11. Nxe5 Bxe5 12. Qc2 Bxg3 13. hxg3 b6 14. e4 Bb7 15. exd5 Bxd5 16. Rfe1 Rfe8 17. Ne4 Bxe4 18. Bxe4 Nxe4 19. Rxe4 Qc6 20. Rae1 {½-½ (20) Korobov,A (2685)-Romanov,E (2611) Biograd 2018}) 8... b6 9. Bd3 Ba6 10. Bxa6 Nxa6 {LiveBook: 6 Games} 11. Qe2 Nb8 12. Rd1 $146 ({Predecessor:} 12. O-O Nc6 {½-½ (37) Paehtz,E (2513)-Jackson,J (2371) Douglas 2018}) 12... Nc6 {[%cal Rc6e5]} 13. Nxc6 Qxc6 14. Bxd6 Qxd6 15. e4 {Threatens to win with e5.} dxe4 16. Nxe4 Nxe4 17. Qxe4 Rad8 18. O-O Rd7 19. g3 Rfd8 20. Qe2 h6 21. dxc5 Qxd1 22. Rxd1 Rxd1+ $11 {[%mdl 4096] Endgame KQ-KRR} 23. Kg2 bxc5 24. Qb5 R1d5 25. h4 g5 26. hxg5 hxg5 27. a4 Kg7 28. a5 Re5 29. b4 Rd2 30. g4 a6 31. Qc4 cxb4 {[%mdl 64] Discovered Attack} 32. cxb4 Ree2 33. Qc5 Kg6 ({Don't blunder} 33... Rxf2+ $2 34. Qxf2 Rd6 35. b5 $1 $18 {[%mdl 512]}) 34. Qb6 (34. Kf3 $11 {keeps the balance.}) 34... Re4 $17 (34... Rxf2+ $2 35. Qxf2 Rd6 36. Qb6 $3 $18 {[%mdl 512]}) 35. Kg3 {[#]} Rd3+ $1 36. f3 (36. Kg2 $17 {was called for.}) 36... Rf4 $2 (36... Ree3 $19 37. Qc6 Re2) 37. Qb7 $1 $11 {The position is equal.} Rb3 ({Don't go for} 37... Rfxf3+ $2 38. Qxf3 Rd4 39. Qb7 $18) 38. b5 axb5 39. a6 {aiming for a7.} Ra3 40. a7 Rfa4 41. Qb8 Rxa7 {Hoping for ...Ra8.} 42. Qg8+ Kf6 {White must now prevent ...Rd3.} 43. Qd8+ Ke5 44. Qxg5+ Kd6 45. Qxb5 R3a5 46. Qb4+ Kc6 47. Qe4+ Rd5 48. g5 Ra1 49. Qc4+ Kd7 50. Qf4 {[#]} Rxg5+ $1 {[%mdl 512]} 51. Kh4 (51. Qxg5 Rg1+) 51... Rag1 {Accuracy: White = 82%, Black = 75%.} 1/2-1/2